Advanced maroeconomics

Saved in:
Bibliographic Details
Main Author: Romer, David
Format: Book
Language:English
Published: New York : McGraw-Hill, 1996
Subjects:
Tags: Add Tag
No Tags, Be the first to tag this record!

MARC

LEADER 00000nam a2200000 i 4500
001 1/61339
008 980609s1996 eng d
020 |a 0070536678 
035 |l 10028877 
040 |a GR-MY-UA  |b gre  |e aacr 
041 0 |a eng 
082 0 |a 339 
100 1 |a Romer, David. 
245 1 0 |a Advanced maroeconomics /  |c David Romer 
260 |a New York :   |b McGraw-Hill,   |c 1996 
300 |a xix, 540 p. 
504 |a Includes bibliographical references and indexes 
650 0 0 |a Macroeconomics. 
852 |a INST  |b CHIOS  |e 19980609  |h 339 ROM  |p 005200016283  |q 005200016283  |t BK  |y 0 
852 |a INST  |b CHIOS  |e 19980609  |h 339 ROM  |p 005200016284  |q 005200016284  |t BK  |y 0 
901 |a BIBL-1998-2 
909 |a Χ  |b 057287 
909 |a Χ  |b 057288 
922 |a 2ΕΛΗ  |b 199805  |c ΤΔΕ  |d ΠΑΠΑΣΩΤΗΡΙΟΥ